LEADER 01038nam a2200253 4500 001 000000364046 003 CaOOAMICUS 005 20250827143514.0 008 250827s1830 it 000 u ita r 026 $asono soi. nora DeCe (3) 1830 (R) 040 $aSeMil$bita 100 11$aTedaldi Fores, Carlo,$d<1793-1829>.$0(OLS)http://semarc/name/122633 245 10$aBondelmonte tragedia di Carlo Tedaldi-Fores. 264 1$aMilano :$bPer Nicoḷ Bettoni,$c1830. 300 $a80 p. ;$c12° 490 1 $aTeatro portatile economico 500 $aSegn.: [1]? 2-4? 5¹? 700 1 $aBettoni, Nicoḷ,$c.$0(OLS)http://semarc/name/3818 830 0$aTeatro portatile economico.$0(OLS)http://semarc/title/455382 850 $aSeMil 852 $aSeMil$W1$xVenegono$y1$m1V III 17 FA$j260952$B254921$CSeMilBibl$Z2$F254921 $8I 996 $6245$aBondelmonte tragedia di Carlo Tedaldi-Fores$9(OLS)http://semarc/title/455390 996 $6264$aMilano :$bPer Nicoḷ Bettoni$9(OLS)http://semarc/publisher/36549 LEADER 01790nam a2200385 i 4500 001 000000040966 003 CaOOAMICUS 005 20250804140547.0 008 030317s1987 it u000 u ita u 013 $a12136 020 $a88-343-0235-4 040 $aSeMil$bita 100 0 $aAugustinus, Aurelius,$c.$0(OLS)http://semarc/name/498 245 14$aIl De Libero Arbitrio di S. Agostino :$bstudio introduttivo, testo, traduzione e commento /$c[a cura di] Franco De Capitani. 260 $aMilano :$bVita e Pensiero,$c1987. 300 $a543 p. ;$c22 cm. 490 0 $aScienze filosofiche ;$v36 650 4$aAgostino, Aurelio . De libero arbitrio.$0(OLS)http://semarc/subject/7236 700 1 $aDe Capitani, Franco.$0(OLS)http://semarc/name/20107 830 0$aScienze filosofiche ;$v36.$0(OLS)http://semarc/title/6934 850 $aSeMil 852 $aSeMil$W1$xVenegono$y1$m2P III 536$j7121$B7121$CSeMilBibl$Z2$F7121 $81 852 $aSeMil$W1$xVenegono$y1$m2P III 536/A$j234758$B243004$CSeMilBibl$Z2$F243004 $81 900 1 $aAgostino : d'Ippona. 900 1 $aSant'Agostino. 941 1 $a4 941 1 $a3 961 $aOmaggio: Colombo Card. Giovanni 961 $aLascito card. Carlo Maria Martini. -- Ex libris card. Carlo Carlo Maria Martini. -- Dedica autografa dell'autore (Franco De Capitani) al card. Carlo Maria Martini. 996 $6020$a88-343-0235-4$9(OLS)http://semarc/number/11474 996 $6245$aIl De Libero Arbitrio di S. Agostino :$bstudio introduttivo, testo, traduzione e commento$9(OLS)http://semarc/title/59102 996 $6260$aMilano :$bVita e Pensiero$9(OLS)http://semarc/publisher/29642